Statistiques concernant Top 10 des footballeurs les mieux payés en 2023.

Cliquez ici pour prendre le quiz!

Statistiques générales

  • Ce quiz a été pris 641 fois
  • Le résultat moyen est 4 sur 10

Statistiques - réponses

HintRéponse% Correct
1Ronaldo
99%
2Mbappé
90%
3Messi
82%
4Neymar
74%
6Haaland
29%
5Salah
26%
10Kevin de Bruyne
16%
7Lewandowski
16%
8Hazard
11%
9Andrés Iniesta
4%

Distribution des résultats

Percentile par nombre de réponses

% des personnes avec chaque résultat

Votre développement - résultats

Vous n’avez pas pris ce quiz